Slovenské podniky naivne očakávajú, že budú automaticky vyrábať a dodávať pre finálnych producentov vozidiel

Rozhovor so splnomocnencom vlády pre automobilový priemysel A. Richterom. Príprava dlhodobej stratégie automobilovej výroby na Slovensku. Súčasný stav automobilového priemyslu SR. Snaha Slovenska, popri Volkswagene, o výrobu ďalšieho osobného auta. Perspektíva slovenského automobilového priemyslu.

Na minha lista:
Detalhes bibliográficos
Autor principal: Richter, A.
Outros Autores: Šporer, P.
Formato: Capítulo de Livro
Idioma:eslovaco
Assuntos:
Tags: Adicionar Tag
Sem tags, seja o primeiro a adicionar uma tag!

MARC

LEADER 00000naa a2200000 4500
001 r027871
005 20230921080952.6
041 0 |a slo 
044 |a SK 
245 1 0 |a Slovenské podniky naivne očakávajú, že budú automaticky vyrábať a dodávať pre finálnych producentov vozidiel  |c A. Richter, P. Šporer 
520 |a Rozhovor so splnomocnencom vlády pre automobilový priemysel A. Richterom. Príprava dlhodobej stratégie automobilovej výroby na Slovensku. Súčasný stav automobilového priemyslu SR. Snaha Slovenska, popri Volkswagene, o výrobu ďalšieho osobného auta. Perspektíva slovenského automobilového priemyslu. 
610 2 0 |a priemysel automobilový 
610 2 0 |a automobily 
610 2 0 |a automobily osobné 
610 2 0 |a výroba 
610 2 0 |a Slovensko 
100 1 |a Richter, A. 
700 1 |a Šporer, P.